[Event "Hastings 9697"]
[Site "Hastings"]
[Date "1996.??.??"]
[Round "8"]
[White "Xie, Jun"]
[Black "Lalic, Bogdan"]
[Result "1/2-1/2"]
[WhiteElo "2510"]
[BlackElo "2565"]
[Annotator "Schulz,Andre"]
[PlyCount "74"]
[EventDate "1996.12.??"]
[EventType "tourn"]
[EventRounds "9"]
[EventCountry "ENG"]
[EventCategory "13"]
[SourceTitle "CBM 057"]
[Source "ChessBase"]
[SourceDate "1997.04.01"]
[SourceVersion "1"]
[SourceVersionDate "1997.04.01"]
[SourceQuality "1"]

{[%mdl 8192]} 1. e4 {Gershon} c5 2. Nf3 d6 3. d4 cxd4 4. Nxd4 Nf6 5. Nc3 g6 6.
Be3 Bg7 7. f3 Nc6 8. Qd2 O-O 9. O-O-O d5 10. exd5 Nxd5 11. Nxc6 bxc6 12. Bd4
Bxd4 13. Qxd4 Qb6 (13... Be6 $6 {Gershon,Nor} 14. Ne4 Qa5 15. a3 Rab8 16. Qc5
Qb6 17. Qxb6 Rxb6 18. Nc5 Rfb8 19. Na4 R6b7 20. Ba6 Rc7 21. Nc5 Rb6 22. Rhe1
Bc8 23. Bxc8 Rxc8 24. c4 $16 {Raach,V-Gutheil,M/RL-op Trier ;GER 1991 (1:0)}) (
13... Qc7 $6 {Gershon,Nor} 14. Bc4 Nb6 15. Be2 c5 16. Nb5 Qc6 17. Qe5 Ba6 18.
Nc3 Bxe2 19. Qxe2 Rab8 20. Qxe7 Nc4 21. b3 Rfe8 22. Nd5 Kg7 23. Qc7 Qxc7 24.
Nxc7 Rec8 25. Nd5 Ne5 26. Rhe1 $16 {Brodsky,M-Hodgson,J/Isle of Man op/1996 
(1-0)}) 14. Nxd5 (14. Na4 {Gershon,Nor} Qa5 15. b3 Be6 (15... Bf5 16. Qc5 Qxc5
17. Nxc5 Nc3 18. Re1 Nxa2+ 19. Kb2 Nb4 20. Rxe7 Rfe8 21. Rxe8+ Rxe8 22. c3 Nd5
23. Ba6 Re3 24. Rc1 Nf4 25. g3 Ne2 26. Re1 Nxc3 27. Rxe3 Nd1+ 28. Ka2 Nxe3 29.
Bb7 $10 {With equality in Korneev,O-Summerscale,A/ Groningen/1995}) 16. Qd2 Qc7
(16... Qxd2+ 17. Rxd2 $16 {[%csl Gc6][%cal Ga4c5] Gershon annotates in english.
White's position is better due to the weaknesses on the queen's side.}) 17. Nc5
Qd6 18. Nxe6 Qxe6 19. Bc4 Rfd8 20. Bxd5 (20. Rhe1 Qf6 21. Qd4 Qg5+ 22. Qd2 Qf6
$10) 20... cxd5 (20... Rxd5 21. Qc3 Rad8 22. Rxd5 cxd5 23. Re1 $10) 21. h4 Qf6
22. Kb1 e6 23. h5 g5 24. h6 {[%cal Gh1h5]} Qg6 $142 {In the game black played
22..Kh8?! and lost in the endgame because of a weak king. Here, although white
is better the fight is ahead.} (24... Kh8 $6 25. Qd4 Qxd4 26. Rxd4 $16 {
Korneev,O-Aronian,L/Russian-Cup/1996/1-0})) (14. Bc4 $5 {Gershon,Nor} Ne3 15.
Rd2 Nxc4 16. Qxc4 Be6 17. Qf4 Rab8 18. b3 Qa5 19. Kb2 Rb4 20. Qe3 Rfb8 21. h4
Qc7 22. Ne2 $14 {Sutovskij,E-Kudrin,S/Philadelphia World op/1993 (30)/1-0})
14... cxd5 15. Qxd5 $2 (15. Qxb6 axb6 $11 (15... axb6 {Gershon,Nor} 16. a3 Rd8
17. c3 Bb7 18. Bd3 Bc6 19. Rhe1 Re8 20. Re5 e6 21. Bc2 f6 22. Ree1 Kf7 $13 {
Stabolewski,A-Werner,C/Badenweiler op 1994/0-1 (54)})) 15... Be6 $40 16. Qb5 $2
{Die weiße Dame wird auf der b-Linie nicht bleiben können.} (16. Qd4 Qa5 17. a3
Rfd8 18. Qb4 Qg5+ 19. Rd2 a5 20. Qc3 Rac8 21. h4 Qf4 {0-1 Gurevich,I-Rogers,I/
London Lloyds 1992 (27)}) 16... Qc7 {Die nächsten schwarzen Züge spielen sich
von alleine.} 17. Qa4 Rab8 18. Ba6 $2 {Weiß möchte das Feld c8 kontrollieren,
damit Schwarz mit Rfc8 nicht auch noch auf der c-Linie angreift. Der B wird
aber auf a6 zum Angriffsobjekt.} Rb6 {Black's got much more than enough to
compensate his pawn!} 19. Kb1 $6 {Die Fesselung des b-Bauern verursacht später
Schwierigkeiten.} Rfb8 $17 20. b3 Qc3 (20... Qc5 $5 21. Bd3 (21. Z0 Rb4 $140
22. Qa3 Rxb3+ $19) (21. Rd3 Rb4 22. Qa3 Rxb3+ 23. Qxb3 Rxb3+ 24. Rxb3 (24. axb3
Qb6 $19) 24... Bxb3 25. axb3 Qf2 $19) 21... a5 $40 (21... Rb4 22. Qa6 R8b6 23.
Qxa7 Rxb3+ 24. axb3 Rxb3+ 25. cxb3 Qxa7 $15)) 21. Rd3 $2 (21. Bd3 Rb4 22. Qa3 (
22. Qxa7 Bxb3 23. axb3 Rxb3+ 24. cxb3 Rxb3+ 25. Ka2 Qb2#) 22... a5 23. Qb2 Qc7
$40 24. Z0 a4 $140 25. Z0 axb3 26. axb3 Bxb3) (21. Z0 {Gershon,Nor} Bxb3 22.
cxb3 Rxb3+ $1 23. axb3 Rxb3+ 24. Qxb3 (24. Ka2 Qb2#) 24... Qxb3+ 25. Kc1 Qa3+
$19) 21... Qc6 $1 22. Qf4 (22. Qxc6 Rxc6 $19 {[%csl Ra6]}) 22... Rb4 $4 {
Black goes for an attractive variation which will give him an extra pawn, but
after a simple 22... Re8 white can stop the clock. Um mit der Q auf a6 zu
nehmen. Nach der erzwungenen weißen Antwort folgt eine komplizierte
Angriffskombination, die allerdings nicht mehr als einen Bauern einbringt.} ({
Ein schlichter Figurengewinn wäre} 22... Re8 23. Rhd1 Rxa6 24. Rd8 Rb6 $19) (
22... Re8 $19 {Gershon,Nor}) 23. Rd4 Bxb3 $1 (23... Rxd4 $2 24. Qxb8+ Kg7 25.
Qe5+ $18) 24. axb3 (24. Rxb4 $2 Qxc2+ 25. Ka1 Qxa2#) 24... Rxb3+ 25. Kc1 (25.
cxb3 $2 Rxb3+ 26. Ka2 (26. Ka1 {Gershon,Nor} Qc3+ 27. Ka2 Qb2#) 26... Qc2+ 27.
Ka1 Qb2#) 25... Qc3 26. Kd1 Qa1+ (26... e5 27. Qxe5 R3b4 28. Bc4 (28. Rxb4 Qxe5
29. Rxb8+ Qxb8 $19) 28... Qa1+ 29. Kd2 Qxh1 30. Bxf7+ Kf8 (30... Kxf7 $2 31.
Rd7+ Kg8 32. Qg7#) 31. Qc5+ Kg7 32. Qe5+ Kf8 $11) 27. Kd2 Qa5+ (27... Qxh1 $2
28. cxb3 Qxg2+ 29. Be2 $18) 28. Ke2 Qxa6+ (28... e5 $2 29. Ra4 $18) 29. Kf2 Rb2
30. Kg3 Rf8 31. Qh6 Qf6 32. Rh4 Qe5+ 33. Kh3 Qf5+ {Probably lets the win slip
away!!} (33... Qg7 $142 {Gershon,Nor Securing the king. Black is completely
won.}) 34. Kg3 g5 35. Rg4 f6 36. h4 Qxc2 37. Kh3 Qg6 (37... Qg6 38. Qxg6+ (38.
hxg5 {Gershon,Nor} f5 39. Qxg6+ hxg6 40. Ra4 Rf7 41. Re1 Rh7+ 42. Kg3 Rb7 43.
Re6 Kf7 44. Raa6 Rg7 45. Re5 $10) 38... hxg6 39. hxg5 fxg5 40. Ra1 $11) (37...
Rf7 $142 {Gershon,Nor} 38. hxg5 Rg7 (38... f5 39. Rg3 f4 (39... Rb6 40. g6 Rxg6
41. Rxg6+ hxg6 42. Qxg6+ Rg7 43. Qe8+ Kh7 44. Qh5+ $10) 40. g6 fxg3 41. gxf7+
Kxf7 42. Qf4+ Ke8 43. Qxg3 {White has good chances for a draw due to an
unsecured position of black's king.}) 39. Qh5 Qg6 40. Qxg6 hxg6 41. gxf6 exf6
42. Ra1 $15) 1/2-1/2

[Event "Lee Cup 4th"]
[Site "Beijing"]
[Date "1997.09.02"]
[Round "9"]
[White "Ye, Jiangchuan"]
[Black "Zhu, Chen"]
[Result "1-0"]
[WhiteElo "2530"]
[BlackElo "2515"]
[Annotator "Schulz,Andre"]
[PlyCount "105"]
[EventDate "1997.08.23"]
[EventType "swiss"]
[EventRounds "11"]
[EventCountry "CHN"]
[SourceTitle "CBM 061"]
[Source "ChessBase"]
[SourceDate "1997.11.23"]
[SourceVersion "1"]
[SourceVersionDate "1997.11.23"]
[SourceQuality "1"]

1. e4 c5 2. Nf3 d6 3. d4 cxd4 4. Nxd4 Nf6 5. Nc3 g6 6. Be3 Bg7 7. f3 Nc6 8. Qd2
O-O 9. O-O-O d5 10. exd5 Nxd5 11. Nxc6 bxc6 12. Bd4 e5 ({Wenn man den
komplizierten Stellungen nach 12...e5 aus dem Wege gehen möchte, kann man} 
12... Bxd4 13. Qxd4 Qc7 {spielen.}) 13. Bc5 Be6 14. Ne4 Re8 15. h4 h6 16. g4 a5
(16... Nf4 17. Qc3 Bd5 18. Ba6 Ne6 19. Bf2 Nd4 {0-1 Ivashko,S-Zmeev,V/RUS-Cup2
1996/EXP 56 (31)}) (16... Qc7 17. g5 h5 18. Bc4) 17. h5 $6 {Weiß kann am
Königsflügel entweder den status quo aufrecht erhalten oder mit g4-g5 das Feld
f6 schwächen. Weiß spielt hier h4-h5, was keinen besonderen Sinn macht, da
sich aus der vorübergehenden Schwäche von f5 kein Kapital schlagen läßt. Weiß
reduziert dadurch einfach seine Möglichkeiten am Königsflügel.} (17. g5 $142 {
Morris,P-Watson,W/BCF-ch Eastbourne 1990/EXT 90ch/1-0 (62)}) 17... g5 18. a4
Qc7 19. Bc4 Red8 20. Qf2 Rab8 21. Rd2 f5 $1 22. gxf5 Bxf5 $11 23. Rhd1 Kh8 24.
Ba3 $6 {Deckt b2 und räumt c5 für den Springer. Wie sich später zeigen wird,
steht der Läufer aber auf a3 schlecht.} (24. b3 $5) (24. Bxd5 $2 cxd5 25. Rxd5
Rxd5 26. Rxd5 Rxb2 (26... Qb7 $5 27. c4 Qb3 $36) 27. Kxb2 Qb7+ $17) 24... Bh7
25. Nc5 (25. Bxd5 cxd5 26. Rxd5 Rxd5 27. Rxd5 Qf7 28. Rd2 Qxh5 $11) 25... Qf7
26. Ba2 Re8 (26... Z0 27. c4 $140 $18) 27. Qg3 (27. Bxd5 $2 cxd5 28. Rxd5 e4
$40) 27... Qxh5 28. Bxd5 cxd5 29. Rxd5 Rbc8 30. Rd7 (30. Ne4 Rc4) 30... Qg6 {
[%csl Rc2][%cal Yg6c2]} 31. R1d2 h5 (31... Bf8 $5) 32. Kb1 Qf5 33. Ne4 g4 34.
Qg1 $2 {[%csl Rg7][%cal Yd7g7,Yg1g7] Behält g7 im Auge und verhindert dadurch
gxf3 und plant den Zug Dg1-a7. Der Zug ist aber taktisch ein Fehler. Beide
Spieler übersehen die Möglichkeit Rxc2. Vermutlich wurde hier in Zeitnot
geblitzt.} (34. R2d3 Qf4 $15) (34. Rxg7 Kxg7 35. Nd6 Qxf3 $17) 34... Bh6 $2 ({
Stattdessen kann Schwarz mit} 34... Qxf3 $1 35. Ng5 (35. Qa7 Bxe4 $19) 35...
Rxc2 36. Nxf3 (36. Rxc2 Bxc2+ 37. Kxc2 Qf5+ $19) 36... Rxd2+ 37. Ka1 Rxd7 $19)
({oder noch besser gleich} 34... Rxc2 $1 35. Kxc2 (35. Rxc2 Qxd7) 35... Qxf3 {
[%csl Re4][%cal Rh7c2]} 36. Rxg7 Bxe4+ (36... Kxg7 $2 37. Qa7+ Qf7 38. Qxf7+
Kxf7 39. Rd7+ Kg8 40. Kd3) 37. Kc1 Rc8+ 38. Bc5 Kxg7 $19 {gewinnen.}) 35. R2d6
$6 (35. R2d3 gxf3 $19) 35... Bf8 36. Rd3 Bxa3 37. bxa3 Rb8+ (37... gxf3 $4 38.
Qg7#) 38. Ka1 Rg8 {Schwarz will endlich gxf3 spielen, nimmt dem König aber ein
wichtiges Fluchtfeld.} (38... Rec8 $5 39. Qa7 $140 Bg6 40. Nd6 Qf4 {[%cal
Rf4c1]} 41. Re3 Bxc2 {[%cal Rb8b1]} 42. Nf7+ (42. Nxc8 Rb1+ 43. Ka2 Qc4+ 44.
Rb3 Qxb3#) 42... Kg8 43. Nxe5 Rb1+ 44. Ka2 Rcb8 45. Rg7+ Kh8 $19) 39. Qa7 Bg6 (
39... Z0 40. Nf6 $140 $18) 40. Nd6 Qf6 41. Rf7 (41. Rh7+ {scheitert an} Bxh7
42. Nf7+ Kg7 43. Nxe5+ Kh8 $19 {und der Ne5 ist gefesselt.}) 41... Bxf7 42.
Nxf7+ Kg7 43. Rd7 Rge8 $4 {stellt einen R ein.} (43... e4+ $2 44. Ne5+ Kh6 45.
Rh7+ $18 (45. Rd6 $18)) (43... Rgc8 $1 44. Nd6+ (44. Rd6 Ra8 45. Qb7 Qxf3 $19)
44... Kh8 45. Nxc8 (45. Rh7+ Kg8 46. Nxc8 e4+ $19) 45... e4+ {[%cal Rf6a1]} 46.
Qd4 (46. Rd4 Rxc8 47. fxg4 Qf1+ 48. Kb2 Qe2) 46... Qxd4+ 47. Rxd4 exf3 $19 {
Die Bauern entscheiden.}) 44. Nd8+ $18 Kh8 45. Qxb8 e4+ 46. Ka2 exf3 {Ohne
Damen wäre das Materialverhältnis in Ordnung für Schwarz, aber so... .} 47. Qb5
Qg6 48. Qb2+ Kg8 49. Qb3+ Kh8 50. Qc3+ Kg8 51. Qc4+ Kh8 52. Nf7+ Kg8 53. Nh6+ (
53. Nh6+ Kh8 54. Qd4+ $18) 1-0

[Event "YUG-ch53"]
[Site "Belgrade "]
[Date "1998.03.17"]
[Round "4"]
[White "Kontic, Djordjije"]
[Black "Markovic, Miroslav"]
[Result "0-1"]
[WhiteElo "2330"]
[BlackElo "2540"]
[Annotator "Schulz,Andre"]
[PlyCount "58"]
[EventDate "1998.03.14"]
[EventType "tourn"]
[EventRounds "15"]
[EventCountry "YUG"]
[EventCategory "10"]
[SourceTitle "CBM 064"]
[Source "ChessBase"]
[SourceDate "1998.06.02"]
[SourceVersion "1"]
[SourceVersionDate "1998.06.02"]
[SourceQuality "1"]

1. e4 c5 2. Nc3 Nc6 3. Nge2 g6 4. d4 cxd4 5. Nxd4 Bg7 6. Be3 Nf6 7. Bc4 O-O 8.
Bb3 d6 9. f3 Bd7 10. h4 Qa5 {Die "alte" Variante.} ({Moderner ist} 10... h5 11.
Qd2 Rc8) 11. h5 $2 {Zu ungestüm. Weiß sollte erst lang rochieren und dann zum
Angriff übergehen.} (11. Qd2 Rfc8 12. O-O-O) 11... Nxh5 12. Qd2 Nxd4 $1 13.
Bxd4 Bxd4 14. Qxd4 Qg5 $17 {Damit hat Schwarz einen Bauern und die Kontrolle
über den Königsflügel gewonnen und die weiße Rochade ist verhindert.} 15. Nd5
Be6 16. Ne3 (16. Nc7 Bxb3 17. Nxa8 $140 Qxg2 $19) 16... Qg3+ 17. Kd1 Nf4 18.
Bxe6 fxe6 19. Qd2 d5 $1 20. exd5 Nxd5 21. Ng4 (21. Nxd5 Rad8 $19) 21... Rxf3 $1
$19 22. gxf3 Qxf3+ 23. Qe2 Qxh1+ 24. Kd2 Qxa1 25. Qxe6+ Kf8 26. Qe5 Qf1 27.
Qh8+ Kf7 28. Qxh7+ Ke6 29. Qxg6+ Nf6 0-1

[Event "Czerniak Memorial 13th"]
[Site "Tel Aviv"]
[Date "1997.??.??"]
[Round "7"]
[White "David, Alberto"]
[Black "Summerscale, Aaron"]
[Result "0-1"]
[WhiteElo "2455"]
[BlackElo "2500"]
[Annotator "Schulz,Andre"]
[PlyCount "112"]
[EventDate "1997.04.04"]
[EventType "tourn"]
[EventRounds "11"]
[EventCountry "ISR"]
[EventCategory "10"]
[SourceTitle "CBM 059"]
[Source "ChessBase"]
[SourceDate "1997.08.01"]
[SourceVersion "1"]
[SourceVersionDate "1997.08.01"]
[SourceQuality "1"]

1. e4 {Rogozenko} c5 2. Nf3 d6 3. d4 cxd4 4. Nxd4 Nf6 5. Nc3 g6 6. Be3 Bg7 7.
f3 O-O 8. Qd2 Nc6 9. O-O-O d5 10. Kb1 {Ein nützlicher Wartezug mit einer
giftigen Pointe.} Rb8 $5 {Although Black has good results in practice, it`s
hard to believe that such a strange looking move like 10. ... Rb8 can solve
all tne problems. Schwarz macht auch einen nützlichen Wartezug.} (10... Nxd4
11. e5 $1 {ist die Pointe.} (11. e5 {Rogozenko} Nf5 12. exf6 Bxf6 13. Nxd5 Qxd5
$1 14. Qxd5 Nxe3 15. Qd2 Nxd1 16. Qxd1 Be6 $1 $44 {Camacho Penate - Joa. Diaz/
Cuba 1996})) 11. Ndb5 (11. Nb3 dxe4 12. Qxd8 Rxd8 13. Rxd8+ Nxd8 14. Bxa7 Ra8
15. Bb6 Bf5 16. Be2 Nc6 17. Rd1 Nd7 18. Bd4 {1/2-1/2 Milov,L-Ovsejevitsch,S/
Nikolaev zt 1995}) (11. Nxc6 $6 bxc6 12. Bxa7 (12. exd5 $2 Nxd5 13. Bd4 $2 Bxd4
14. Qxd4 Nxc3+ $19) 12... Ra8 13. Bd4 Qa5 $40) (11. Be2 $5) (11. Qf2 e5 12.
Nxc6 bxc6 13. Bxa7 Rb7 14. Bc5 Qa5 15. Ne2 Re8 16. Nc1 d4 17. Nd3 Be6 18. a3
Reb8 19. Qd2 Qxc5 {0-1 Bertholee,R-Los,S/Amstelveen 1994}) (11. h4 {Rogozenko}
h5 12. Be2 Nxd4 13. Bxd4 dxe4 14. Qf4 Bd7 15. fxe4 $16 {Lutz - Agnos/Pula 1997}
) 11... a6 12. Na7 e6 13. exd5 Nxd5 (13... exd5 {Rogozenko} 14. Na4 $14 {
Wahls - Agnos/Velden 1996}) 14. Nxd5 exd5 15. Nxc6 (15. Qxd5 {Rogozenko} Qf6
16. Qb3 Be6 17. Qa3 Rfd8 $44) 15... bxc6 16. Bd4 Bxd4 17. Qxd4 {Schwarz hat
keinen Grund zu klagen.} Qe7 18. Bd3 Rb4 19. c4 (19. Qc3 {Rogozenko} c5 20.
Rhe1 Qc7 $11) 19... c5 20. Qc3 (20. Qxd5 Bb7 {[%csl Rd5]} 21. Rhe1 Qxe1 22.
Rxe1 Bxd5 23. cxd5 $17) 20... d4 21. Qc1 Be6 22. Rhe1 Rfb8 23. Re2 a5 $36 24.
h4 $6 {Objektiv gibt die weiße Stellung das Bauernopfer nicht her, aber Weiß
bekommt ein wenig Spiel.} (24. Qf4 {Rogozenko} Qb7 $17) (24. Ka1 {Rogozenko} a4
25. Rc2 $15) 24... Qxh4 25. Rh1 Qf6 26. Qh6 Qg7 27. Qf4 Bxc4 (27... Bf5 $5 28.
Bxf5 $140 d3) 28. Bxc4 d3 29. Bxf7+ Qxf7 (29... Kh8 $2 30. Rxh7+ Qxh7 (30...
Kxh7 31. Qh2+ Qh6 32. Bxg6+ Kxg6 33. Qd6+ $11) 31. Qe5+ Qg7 32. Qh2+ $11) 30.
Qxf7+ Kxf7 31. Rd2 c4 $6 (31... h5 32. Rc1 (32. g4 hxg4 33. fxg4 c4 34. Rc1 Kf6
$17) 32... c4 $17) 32. Rc1 (32. Rxh7+ $5 Ke6 33. Rc7 Rh8 (33... Kd6 {Rogozenko}
34. Rg7 Rxb2+ 35. Rxb2 d2 $19)) 32... Rc8 $2 (32... Kf6) 33. Rxd3 cxd3 34. Rxc8
Rh4 35. Kc1 Rh2 36. Rc7+ (36. Rd8 Rxg2 37. Rxd3 h5 $17) 36... Ke6 37. Kd2 Rxg2+
38. Kxd3 Rxb2 39. Rxh7 Rxa2 40. Ra7 Kf5 41. Ke3 Ra1 42. Kf2 a4 43. Kg3 a3 44.
Ra5+ Kf6 45. Kg2 (45. Kf4 a2 46. Ra6+ Ke7 47. Ra7+ Kd6 48. Ra6+ Kc5 49. Ra5+
Kb4 50. Ra8 Kc3 51. Rc8+ Kd2 52. Rd8+ (52. Ra8 Ke2 53. Ra3 Kf2 $19) 52... Ke2
53. Re8+ (53. Ra8) 53... Kf2 54. Ra8 g5+ 55. Kf5 Kxf3 $19) 45... Ke6 46. Rg5
Kf7 47. Ra5 Kf6 48. Ra7 (48. Kh2 {Rogozenko}) 48... Ke5 49. Rg7 (49. Ra6 {
Rogozenko} g5 50. Ra5+ Kd4 51. Rxg5 Kc3 52. Ra5 Kb2 53. Rb5+ Ka2 54. f4 Rb1 55.
Ra5 Kb2 56. Kf3 a2 57. Ke4 a1=Q 58. Rxa1 Rxa1 59. f5 Kc3 60. Kd5 Ra5+ 61. Ke6
Kd4 62. f6 Ra6+ 63. Ke7 Ke5 64. f7 Ra7+ 65. Ke8 Ke6 66. f8=N+ $11) 49... Rb1
50. Ra7 Rb2+ 51. Kg3 a2 52. Ra8 Kd4 53. Ra3 Kc4 54. Kg4 Kb4 55. Ra8 Kb3 56. Kg5
Rb1 0-1

[Event "Chigorin Memorial 07th"]
[Site "St Petersburg"]
[Date "1999.11.09"]
[Round "8"]
[White "Loskutov, Oleg"]
[Black "Solovjov, Sergey"]
[Result "1-0"]
[WhiteElo "2359"]
[BlackElo "2467"]
[Annotator "Schulz,Andre"]
[PlyCount "73"]
[EventDate "1999.11.02"]
[EventType "swiss"]
[EventRounds "9"]
[EventCountry "RUS"]
[SourceTitle "CBM 074"]
[Source "ChessBase"]
[SourceDate "2000.02.01"]
[SourceVersion "1"]
[SourceVersionDate "2000.02.01"]
[SourceQuality "1"]

1. e4 c5 2. Nf3 d6 3. d4 cxd4 4. Nxd4 Nf6 5. Nc3 g6 6. Be3 Bg7 7. f3 O-O 8. Qd2
Nc6 9. O-O-O Bd7 10. Kb1 Rc8 11. g4 Ne5 12. h4 Qa5 13. Be2 Nc4 {Damit beißt
Schwarz in den saueren Apfel und spielt eine bekannte Stellung der Variante 9.
Lc4 Da5 usw. mit einem Tempo weniger, weil der Lf1 bis zum Tausch nur zwei
Züge gemacht hat (Lf1-e2xc4) statt sonst drei (Lf1-c4-b3xc4).} (13... Rxc3 14.
Qxc3 Qxc3 15. bxc3 Rc8 16. Kb2 $16 {brachte Schwarz nichts in Sutovskij,
E-Hodgson,J/Oxford 1998/CBM 69 (1-0, 32)}) 14. Bxc4 Rxc4 15. Nb3 Qa6 {Die
gleiche Stellung gibt es mit Schwarz am Zug.} 16. Bh6 {Der schnelle Tausch des
Lg7 vermeidet viele Tricksereien.} ({Die weiße Absicht ist} 16. Bh6 Z0 17. Bxg7
$140 Kxg7 18. e5 dxe5 (18... Nxg4 19. fxg4 Bxg4 20. Rde1 $18) 19. g5 {mit
Figurengewinn.}) ({Stark in Betracht kam auch gleich} 16. e5 $5) 16... Bxh6 {
Will sich gegen den Angriff e5 und g5 durch Einsperrung der Dame auf h6 wehren.
Ansonsten taucht man so nur, wenn dann Txc3 folgen soll.} (16... Bh8 $5) 17.
Qxh6 Rfc8 18. e5 dxe5 19. h5 (19. g5 $1 Nh5 20. Rxd7 $18 {Weiß hat eine Figur
gewonnen, aber die Dame scheint für alle Zeiten auf h6 eingesperrt. Ist das
wirklich so? Oder kann Weiß aus der Stellung der Dame auf h6 und der schwachen
schwarzen Grundreihe Kapital ziehen?} Re8 (20... e6 21. Rhd1 {[%cal Rd7d8]} Qb6
(21... Re8 22. Ne4 Rxe4 23. Nc5 Qe2 24. Nxe4 Qxf3 25. Rd8 $18) 22. Rxf7 Kxf7
23. Qxh7+ Kf8 24. Rd7 $18) 21. Rhd1 {mit starker weißer Druckstellung.}) 19...
Nxg4 {Das funktioniert nicht.} (19... Be6 20. hxg6 fxg6 $16) 20. fxg4 Bxg4 {
Materiell steht Schwarz gut. Wenn keine Damen auf dem Brett wären, würde er
gewinnen. So entscheidet aber die schwache schwarze Königsstellung.} 21. Rdg1
Rd8 22. Nd2 Rf4 23. Nde4 gxh5 24. Qg5+ Qg6 25. Qxe7 Rf8 26. Qxe5 Qf5 27. Qd4 f6
28. Re1 Kg7 29. Qxa7 Bf3 30. Rhg1+ Rg4 31. Qxb7+ Kg6 32. Qe7 Rb8 33. Rgf1 Rg2
34. Nd5 h4 35. Ndxf6 Kh6 36. Rxf3 Qxf3 37. Qxh7# 1-0

[Event "United Insurance 4th"]
[Site "Dhaka"]
[Date "1999.02.28"]
[Round "10"]
[White "Short, Nigel D"]
[Black "Wojtkiewicz, Aleksander"]
[Result "1-0"]
[WhiteElo "2697"]
[BlackElo "2570"]
[Annotator "Schulz,Andre"]
[PlyCount "95"]
[EventDate "1999.02.19"]
[EventType "tourn"]
[EventRounds "13"]
[EventCountry "BAN"]
[EventCategory "10"]
[SourceTitle "CBM 070"]
[Source "ChessBase"]
[SourceDate "1999.06.08"]
[SourceVersion "1"]
[SourceVersionDate "1999.06.08"]
[SourceQuality "1"]

1. e4 {Hecht} c5 2. Nc3 Nc6 3. Nge2 g6 4. d4 cxd4 5. Nxd4 Bg7 6. Be3 Nf6 7. Bc4
O-O 8. Bb3 d6 9. f3 Nxd4 (9... Bd7 10. Qd2 Rc8 {führt zur Hauptvariante.} ({
ein interessanter Nebenweg ist} 10... Nxd4 11. Bxd4 b5)) 10. Bxd4 Bh6 {Das
sind krank aus. Schwarz will die lange Rochde verhindern.} 11. O-O ({Nach} 11.
Bxf6 exf6 12. O-O f5 {behält Schwarz als Gegengewicht zum schwachen Bauern d6
das Läuferpaar.}) 11... Be6 12. f4 Bg7 13. f5 Bxb3 14. axb3 {Der Tausch auf b3
ist günstig für Weiß, denn die a-Linie öffnet sich und Schwarz kann nach a6
praktisch nicht mehr b5 spielen. Aber auch der Doppelbauer auf b3 ist angenehm,
weil er das Feld c4 überwacht.} a6 15. Kh1 Rc8 (15... Nd7 16. Bxg7 Kxg7 17. Nd5
Ne5 $140 $2 18. Nxe7 Qxe7 $4 19. f6+ $18) 16. Qe2 e6 {Sonst muß Schwarz immer
zum unangenehmsten Zeitpunkt mit Sd5 rechnen.} 17. Rad1 $14 {Weiß steht sehr
bequem.} Qe8 ({Nach} 17... Qe7 $5 {[%cal Ge7f6] bliebe die Dame am Sf6. Nach}
18. e5 (18. fxg6 hxg6 19. e5 dxe5 20. Bxe5 $14) 18... dxe5 19. Qxe5 {droht
Sd5+-} Rfd8 20. fxg6 (20. Ne4 Rxd4 21. Qxd4 exf5 22. Nxf6+ Bxf6 $11) 20... hxg6
21. Qe2 $14 {ist der weiße Vorteil erträglicher als in der Partie.} (21. Rxf6
Rxd4 22. Qxd4 Bxf6)) 18. fxg6 (18. e5 $2 {taugt nun nichts wegen} dxe5 19. Qxe5
exf5) 18... fxg6 19. e5 dxe5 20. Bxe5 $16 Rf7 {Zur Vorbereitung von Sd5.} ({
Sofort} 20... Nd5 $2 {scheitert an} 21. Bxg7 Kxg7 22. Qe5+ Kg8 23. Rxf8+ Qxf8
24. Qxe6+ $18 {mit Figurenverlust.}) 21. Rf3 {Die Verdoppelungsdrohung auf der
f-Linie mit der Idee Sc3-e4 erzwingt den nächsten schwarzen Zug.} Nd5 22. Bxg7
Rxf3 23. Qxf3 Kxg7 24. Nxd5 exd5 25. Qxd5 Rxc2 26. Qxb7+ Qf7 27. Qxa6 (27. Rd7
$4 {sieht nur bei oberflächlicher Betrachtung gut aus:} Rc1+ $19) 27... Qxb3
28. Qa7+ Kh6 (28... Qf7 29. Qxf7+ Kxf7 30. Rb1 $18) 29. Qe7 Qb5 30. Qf8+ Kh5
31. Qf3+ (31. Qg7 $18) 31... Kh6 32. b3 Qf5 33. Qxf5 gxf5 {Hecht: '[#] Turm
hinter b-Freibauer bei 2-2 am Königsflügel'} 34. Rb1 Rc5 35. b4 Rb5 36. Kg1 Kg5
37. Kf2 Kf4 38. Ke2 Ke4 39. g3 Kd4 40. Kf3 Kc3 41. Kf4 Kc2 42. Re1 h5 43. Re5
Rxb4+ 44. Kxf5 Kd3 45. Kg5 h4 46. g4 h3 47. Kh4 Rb3 {Der letzte Trick.} 48. Re8
(48. Kxh3 $4 Kd4+) 1-0